000 01200nam a2200325 a 4500
999 _c693
_d693
003 AR-BaISA
005 20220601185202.0
007 ta
008 130627s2013 sp ado | |||| 001 0 spa d
020 _a9788471017475
040 _cAR-BaISA
041 1 _aspa
_heng
082 0 4 _222
_a616.3 G854
130 0 _aGastrointestinal
_lEspañol
245 0 0 _aGastrointestinal /
_cJoel K. Greenson, Laura W. Lamps, Elizabeth A. Montgomery...et al.
260 _aMadrid:
_bMarbán,
_c2013
300 _aXVII, 534 p.:
_bil., graf., fot.;
_c28 cm.
336 _aTexto (visual)
_2isbdcontent
337 _asin mediación
_2isbdmedia
490 1 _aDiagnóstico en patología
504 _aBibliografía al final de cada capítulo
504 _aÍndice analítico con doble numeración al final del libro p.: I-XVIII ó 517-534
505 _tESÓFAGO --
_tESTÓMAGO --
_tINTESTINO DELGADO --
_tAPÉNDICE --
_tCOLON --
_tANO --
_tÓRGANOS MÚLTIPLES
650 1 4 _aSistema digestivo
_xenfermedades
_xdiagnóstico
_953
700 1 _aGreenson, Joel K.
_91668
700 1 _aLamps, Laura W.
_91670
700 1 _aMontgomery, Elizabeth A.
_91669
830 0 _91667
_aDiagnóstico en patología
942 _2ddc
_cLI